000 00400nam a2200157 a 4500
005 20140414132123.0
008 140221s19uu xx 00 eng d
020 _a9781846666889
050 _aREF 567.9
_bDi54 2010
245 _aDinosaurs.
260 _aPasig, Philippines :
_bWS Pacific Publication, Inc,
_cc2010.
300 _a64
440 _aFocus on
650 _aDinosaurs
999 _c115141
_d115141